000 01101cam a2200313 i 4500
001 768714001
003 CO-MdBIC
005 20231124152232.0
008 231124t2004 -us||||| |||| 00| 0 esp d
020 _a1-58802-175-0
040 _bspa.
_aCO-MdFUSB
_cCO-MdFUSB
_dCO-MdFUSBC
_erda
041 _aspa
082 0 4 _aG 231.3 R2813e
100 1 _aRea, John
245 1 0 _aEl Espíritu Santo en la Biblia / John Rea ; traducido por Silvia Cudich
_c/
264 1 _aMiami, Florida : Patmos
_bPatmos,
_c[2004]
264 4 _c©2004
300 _a520 p.
_c;
336 _atexto
_btxt
_2rdacontent
337 _2rdamedia
_asin mediación
_bn
338 _2rdacarrier
_avolumen
_bnc
500 _aTítulo original: The Holy Spirit in the Biblie
501 _aRústico
505 0 0 _aNaturaleza del Espíritu Santo -- El Espíritu de Dios en la creación -- liderazgo carismático en Israel -- anuncios proféticos -- preparación, comienzo y consumación de la era del Espíritu Santo
650 0 _aEspíritu Santo
_950
650 0 _aEstudios bíblicos
_91781
942 _cBK
945 _aJohan1477
999 _c44790
_d44790